|
|
|
|
| LEADER |
00000nab a2200000 a 4500 |
| 001 |
vtls000597147 |
| 003 |
SK-MaSNL |
| 005 |
20260303174245.0 |
| 008 |
120930c1996 xo 0 slo |
| 015 |
|
|
|a SNBRB19rr/mm-uuuuu
|
| 035 |
|
|
|a CL0597286
|
| 040 |
|
|
|a SNKBUCL
|b slo
|c SNKBUCL
|e AACR2
|
| 041 |
0 |
|
|a slo
|
| 044 |
|
|
|a xo
|c SK
|
| 080 |
|
|
|a 264-031(437.6)
|2 1981
|
| 080 |
|
|
|a 943.76
|2 1981
|
| 100 |
1 |
|
|a Košík, Ľudovít,
|d 1959-
|4 aut
|9 164188
|
| 245 |
1 |
0 |
|a Šaštín - duchovné centrum
|c Ľudovít Košík
|
| 300 |
|
|
|b Obr. 1
|
| 650 |
0 |
7 |
|a pútnické miesta
|2 snkbucl
|9 3031
|
| 651 |
|
7 |
|a Šaštín-Stráže (Slovensko)
|2 snkbucl
|9 89182
|
| 655 |
|
7 |
|a články z novín a časopisov
|2 snkbucl
|9 267496
|
| 773 |
0 |
|
|t Katolícke noviny
|g Roč. 111, č. 35 (1996), s. 14
|x 0139-8512
|
| 850 |
|
|
|a Slovenská národná knižnica v Martine
|a MTA001
|
| 852 |
|
|
|a SNK
|b KIS3GCP
|
| 958 |
|
|
|a RK
|
| 992 |
|
|
|a RBX
|
| 999 |
|
|
|c 2095803
|d 2097733
|